General Knowledge #26 - Statistics

General Stats
  • This quiz has been taken 64 times
  • The average score is 9 of 16
Answer Stats
Question Answer % Correct
Which country’s flag is a red circle on a white background? Japan
98%
What is the largest bird species native to Australia? Emu
80%
The name of which bird indicates a score of two under par in golf? Eagle
70%
What is the highest number of Michelin stars that can be awarded? Three
70%
Who directed the films Avatar and Avatar: The Way of Water? James Cameron
67%
The Mississippi River drains into which gulf? The Gulf of {Mexico}
67%
Which element has the chemical symbol Cu? Copper
65%
J. Edgar Hoover led which organisation until his death in 1972? The FBI
63%
Which royal house held the English throne from 1485 to 1603 The House of {Tudor}
59%
A lodge is the name given to the home of which aquatic mammal? Beaver
57%
Haile Selassie was Emperor of which country from 1930 to 1974? Ethiopia
52%
Which spice is derived from the flower of Crocus Sativus? Saffron
48%
The Spanish Civil War took place in which decade? The 1930s (1936-1939)
48%
Who wrote the novels ‘Rebecca’ and ‘Jamaica Inn’? Daphne du Maurier
43%
Who played the title character in the TV sit-com Frasier? Kelsey Grammer
31%
Who is the Bible had siblings named Aaron and Miriam? Moses
30%
No matching quizzes found
Score Distribution
Percent of People with Each Score
Percentile by Number Answered
Your Score History
You have not taken this quiz